|
|
|
|
| LEADER |
00000cam a2200000 a 4500 |
| 001 |
vtls001327272 |
| 003 |
SK-MaSNL |
| 005 |
20260301235615.0 |
| 008 |
160415s1997 xo bo r 00000 slo |
| 015 |
|
|
|a SNBE1998/03-01887
|
| 020 |
|
|
|a 8080430330
|
| 035 |
|
|
|a SNK000280068
|
| 040 |
|
|
|a SNK
|b slo
|c SNK
|e AACR2
|
| 041 |
0 |
|
|a slo
|
| 044 |
|
|
|a xo
|c SK
|
| 080 |
|
|
|a 904:728.8(083.9)
|2 1981
|
| 080 |
|
|
|a 728.8
|2 1981
|
| 110 |
1 |
|
|a Kremnica (Slovensko : hrad)
|4 aut
|9 160405
|
| 245 |
1 |
|
|a Karner Mestského hradu Kremnica
|c zostavila Naďa Šeňová ; fotografie Filip Lašut
|
| 260 |
|
|
|a Kremnica
|b Múzeum mincí a medailí
|c 1997
|
| 300 |
|
|
|a 1 skladačka ([6] s.)
|b fareb. fotogr.
|c 21x10 cm
|
| 610 |
1 |
7 |
|a Kremnica (Slovensko : hrad)
|2 SNKKA
|9 160405
|
| 650 |
0 |
7 |
|a hrady
|2 SNKPH
|9 3039
|
| 650 |
0 |
7 |
|a kultúrne pamiatky
|2 SNKPH
|9 2862
|
| 651 |
|
7 |
|a Kremnica (Slovensko)
|2 SNKPHgeo
|9 26188
|
| 655 |
|
7 |
|a informačné publikácie
|2 SNKPH
|9 70181
|
| 700 |
1 |
|
|a Šeňová, Nadežda
|4 com
|9 47137
|
| 700 |
1 |
|
|a Lašut, Filip,
|d 1945-2012
|4 fot
|9 151668
|
| 710 |
0 |
|
|a Múzeum mincí a medailí v Kremnici
|4 aut
|9 32293
|
| 852 |
|
|
|a Slovenská národná knižnica
|
| 919 |
|
|
|a 80-8043-033-0
|
| 958 |
|
|
|a TL
|
| 999 |
|
|
|c 975821
|d 977751
|
| 952 |
|
|
|t P60, <03>, [BOOK], {603}
|a SNK
|b SNK
|y PREZ
|7 0
|p 17A0130784
|o snkOSC 19598
|i snkKSP 3844/98
|0 0
|1 0
|4 0
|d 1998-04-08
|l 0
|r 2005-01-02 00:00:00
|w 2026-02-24
|
| 952 |
|
|
|t P60, <04>, [BOOK], {604}
|a SNK
|b SNK
|y VYP
|7 0
|p 17A0153548
|o snkOSC 19598 D1
|i snkKSP 7865/98
|0 0
|1 0
|4 0
|d 1998-08-24
|l 0
|r 2005-01-02 00:00:00
|w 2026-02-24
|
| 952 |
|
|
|t P60, <09>, [BOOK], {629}
|a SNK
|b SNK
|y NEVYP
|7 0
|o snkD 16
|i snk150/20000131
|0 0
|1 0
|4 0
|d 2000-01-28
|l 0
|r 2005-01-02 00:00:00
|w 2026-02-24
|